Vista normal Vista MARC

Entrada Materia (tema)

Número de registros utilizados en: 1

001 - CONTROL NUMBER

  • control field: 74683

003 - CONTROL NUMBER IDENTIFIER

  • control field: Co-BoUCM

005 - DATE AND TIME OF LATEST TRANSACTION

  • control field: 20160115081809.0

008 - FIXED-LENGTH DATA ELEMENTS

  • fixed length control field: 160115|| aca||aabn | a|a d

040 ## - CATALOGING SOURCE

  • Original cataloging agency: Co-BoUCM
  • Transcribing agency: Co-BoUCM

150 ## - HEADING--TOPICAL TERM

  • Topical term or geographic name as entry element: Periodistas
  • Form subdivision: Autobiografías
  • Chronological subdivision: 1934-1941

670 ## - SOURCE DATA FOUND

  • Source citation: Work cat.: (Co-BoUCM)302360: Shirer, William Lawrence 1904-1993 74681, Diario de Berlín , 2009